Rozvoj turizmu na Slovensku v kontexte európskej [konkurencie]

Konkurenčná pozícia Slovenska v medzinárodnom cestovnom ruchu.

Gespeichert in:
Bibliographische Detailangaben
1. Verfasser: Malachovský, Andrej
Weitere Verfasser: Spišiaková, Mária
Format: Buchkapitel
Sprache:Englisch
Schlagworte:
Tags: Tag hinzufügen
Keine Tags, Fügen Sie das erste Tag hinzu!

MARC

LEADER 00000naa a2200000 4500
001 0181829
005 20231211131558.4
041 0 |a eng 
044 |a SK 
245 1 0 |a Rozvoj turizmu na Slovensku v kontexte európskej [konkurencie]  |c Andrej Malachovský, Mária Spišiaková 
520 |a Konkurenčná pozícia Slovenska v medzinárodnom cestovnom ruchu. 
610 2 0 |a Slovensko 
610 2 0 |a výhody komparatívne 
610 2 0 |a konkurencia 
610 2 0 |a Európska únia 
610 2 0 |a ruch cestovný 
100 1 |a Malachovský, Andrej 
700 1 |a Spišiaková, Mária